| 000 | 00628nam a2200193Ii 4500 | ||
|---|---|---|---|
| 003 | JO-AjNU | ||
| 008 | 230605s9999||||xx |||||||||||||| ||und|| | ||
| 040 |
_aJO-AjNU _bara _erda _cJO-AjNU |
||
| 041 | _aara | ||
| 050 | 1 | 4 | _aHJ9741.A7.O5 1979 |
| 100 | 3 |
_aحسنين، عمر, _eauthor _935425 |
|
| 245 | 0 | 0 | _aالمحاسبة الحكومية والقومية |
| 264 | 3 | 1 | _aالاسكندرية: مؤسسة شباب الجامعة، 1979 |
| 300 | _a361ص | ||
| 336 |
_atext _btxt _2rdacontent |
||
| 337 |
_aunmediated _bn _2rdamedia |
||
| 338 |
_avolume _bnc _2rdacarrier |
||
| 650 | 4 |
_aالمحاسبة الحكومية _935426 |
|
| 999 |
_aA14625 _c18193 _d18193 |
||